Suplemento al Diccionario razonado de legislación y jurisprudencia de Joaquín Escriche / (Record no. 53373)

MARC details
000 -LEADER
campo de control de longitud fija 00584nam a22001695i 4500
001 - NÚMERO DE CONTROL
campo de control 53373
003 - IDENTIFICADOR DE NÚMERO DE CONTROL
campo de control ES-MaACL
007 - CAMPO FIJO DE DESCRIPCIÓN FÍSICA--INFORMACIÓN GENERAL
campo de control de longitud fija t|
008 - DATOS DE LONGITUD FIJA--INFORMACIÓN GENERAL
campo de control de longitud fija 950926s1847 sp ||||1| spa d
040 ## - FUENTE DE CATALOGACIÓN
Centro catalogador/agencia de origen CAM
Lengua de catalogación spa
Centro/agencia transcriptor CAM
245 00 - MENCIÓN DEL TÍTULO
Título Suplemento al Diccionario razonado de legislación y jurisprudencia de Joaquín Escriche /
Mención de responsabilidad, etc. por un Abogado... de esta Corte.
260 ## - PUBLICACIÓN, DISTRIBUCIÓN, ETC.
Lugar de publicación, distribución, etc. Madrid :
Nombre del editor, distribuidor, etc. [s.n.],
Fecha de publicación, distribución, etc. 1847 (
Fabricante La Ilustración)
300 ## - DESCRIPCIÓN FÍSICA
Extensión VII, 852 p. ;
Dimensiones 29 cm.
700 1# - ENTRADA AGREGADA--NOMBRE PERSONAL
Nombre de persona Escriche, Joaquín.
9 (RLIN) 47647
740 0# - ENTRADA AGREGADA--TÍTULO RELACIONADO/ANALÍTICO NO CONTROLADO
Título relacionado o analítico no controlado Diccionario razonado de legislación y jurisprudencia.
852 ## - LOCALIZACIÓN
Ubicación ES-MaACL
Número de control de estantería B-9461
Holdings
Estatus retirado Estado de pérdida Estado de daño No para préstamo Colección Biblioteca de origen Biblioteca actual Ubicación en estantería Fecha de adquisición Fuente de adquisición Total de préstamos Signatura topográfica completa Código de barras Visto por última vez Precio de reemplazo Tipo de ítem Koha
        Colección de referencia Biblioteca del Ateneo de Madrid Biblioteca del Ateneo de Madrid Sala Pardo Bazán 17/01/2008     B-9461 1056081 23/02/2023 23/02/2023 Libro impreso antiguo